[Event "EIWCC 2018"]
[Site "Vysoke Tatry"]
[Date "2018.04.08"]
[Round "1"]
[White "Hoang, Thanh Trang"]
[Black "Maltsevskaya, Aleksandra"]
[Result "1/2-1/2"]
[WhiteElo "2437"]
[BlackElo "2237"]
[Annotator "TA"]
[PlyCount "86"]
[EventDate "2018.??.??"]
[EventType "swiss"]
[EventCountry "SVK"]
[SourceTitle "playchess.com"]
[Source "ChessBase"]
[SourceQuality "1"]

{[%evp 18,86,0,14,14,14,14,14,0,14,14,11,14,-29,25,0,0,-12,-14,-8,0,0,0,-3,0,2,2,4,4,2,1,2,4,4,3,0,7,2,7,0,2,0,0,0,0,0,0,0,0,0,0,0,0,0,0,0,0,0,0,0,0,0,0,0,0,0,0,0,0,0,0]} 1. d4 Nf6 2. Bg5 Ne4 3. Bf4 d5 4. e3 {[%cal Be2e3,Be3d4][%mdl 32]} c5 5. Bd3 cxd4 (5... Nf6 6. c3 Nc6 7. Nd2 Qb6 8. Rb1 Bg4 9. Ngf3 e6 10. Qa4 Be7 11. Ne5 O-O 12. Bg5 c4 13. Bc2 Bh5 14. Bxf6 gxf6 {1-0 (52) Mchedlishvili,M (2603)-Amin,B (2689) Riadh 2017}) 6. Bxe4 {A45: Trompowsky Attack} dxe4 7. exd4 Nc6 8. Ne2 Bg4 9. Nbc3 e6 10. Nxe4 {LiveBook: 3 Games} Bxe2 11. Qxe2 {aiming for 0-0-0.} Nxd4 12. Qd3 {0-0-0 is the strong threat.} Nc6 13. O-O-O {Black must now prevent Qg3.} Qxd3 14. Rxd3 Nb4 $146 15. Rd2 (15. Rb3 {keeps more tension.} b6 16. Bd2 Nd5 17. Rd3 Be7 18. Nc3) 15... Nd5 ({Black should try} 15... Nxa2+ 16. Kb1 Nb4) 16. Bg3 Be7 {The position is equal.} 17. Nd6+ Bxd6 $1 18. Bxd6 O-O-O 19. Be5 f6 20. Bd4 Nb4 21. Bxa7 Nxa2+ 22. Kd1 $1 {And now c3 would win.} Nb4 23. Bc5 Rxd2+ 24. Kxd2 $11 {[%mdl 4096] Endgame KRB-KRN} Rd8+ 25. Ke2 Nd5 26. g3 Rd7 27. Rc1 b6 28. Ba3 e5 29. c4 Nc7 30. Rd1 Ne6 31. Rxd7 Kxd7 {KB-KN} 32. b4 b5 33. cxb5 Nd4+ 34. Kd3 Nxb5 35. Bc1 Kc6 36. Be3 Kd5 37. Bc5 f5 38. f3 g6 39. h3 Nc7 40. Bb6 Ne6 41. Be3 Nc7 42. Bb6 Ne6 43. Be3 Nc7 {Precision: White = 72%, Black = 75%.} 1/2-1/2

[Event "EIWCC 2018"]
[Site "Vysoke Tatry"]
[Date "2018.04.08"]
[Round "1"]
[White "Zhukova, Natalia"]
[Black "Rodshtein, Tereza"]
[Result "1-0"]
[WhiteElo "2426"]
[BlackElo "2226"]
[Annotator "TA"]
[PlyCount "63"]
[EventDate "2018.??.??"]
[EventType "swiss"]
[EventCountry "SVK"]
[SourceTitle "playchess.com"]
[Source "ChessBase"]
[SourceQuality "1"]

{[%evp 9,63,79,70,70,105,93,99,105,93,81,100,101,72,98,120,128,156,133,143,130,129,128,128,136,160,114,118,108,110,106,103,60,116,116,116,118,110,103,115,110,172,137,120,135,152,147,249,251,256,252,280,272,275,250,390,374]} 1. c4 c6 2. e4 e5 3. Nf3 Qc7 4. d4 (4. Nc3 d6 5. h3 Nd7 6. d4 Ngf6 7. Be2 Be7 8. O-O O-O 9. Be3 Re8 10. a3 exd4 11. Nxd4 Bf8 12. Qc2 Nc5 13. Bf3 Be6 14. Nxe6 Nxe6 15. g3 g6 16. Bg2 Nd7 {1-0 (39) Tan,J (2462)-Fernandez,D (2462) Vaxjo 2016}) 4... exd4 5. Qxd4 Na6 $146 ({Predecessor:} 5... c5 6. Qd2 Ne7 7. Nc3 a6 8. b3 g6 9. Bb2 Bg7 10. Nd5 Nxd5 11. Bxg7 Rg8 {1-0 (40) Burg,B (2023)-Petrovic,D Novi Sad 2007}) 6. Nc3 {B10: Caro-Kann: 2 d3 and 2 c4} d6 7. Bf4 Nf6 8. O-O-O {White is better.} Be7 9. Bxd6 Bxd6 10. Qxd6 Qxd6 11. Rxd6 Ke7 12. Rd2 Be6 13. Nd4 Rhd8 14. Be2 Nc5 15. f3 a5 16. Rhd1 a4 17. Nxe6 Nxe6 18. Rxd8 Nxd8 19. f4 Ne6 20. g3 Nc5 ({Black should play} 20... g5 $14) 21. e5 Nfd7 22. Kc2 $36 {[%mdl 2048] Black is under strong pressure.} g5 23. fxg5 Nxe5 24. Rd4 Rf8 (24... Rg8 $16) 25. Rh4 Rg8 26. Ne4 Ne6 27. Kc3 Rg7 (27... Nxg5 $16 28. Nxg5 Rxg5 29. Rxh7 Rg8) 28. Rh5 $18 b6 29. Bd1 b5 30. cxb5 cxb5 {[#]} 31. g6 $1 {[%mdl 512]} Nxg6 (31... b4+ $142 32. Kxb4 Nc6+ 33. Kc3 hxg6) 32. Rxb5 {Precision: White = 90%, Black = 48%.} 1-0

[Event "EIWCC 2018"]
[Site "Vysoke Tatry"]
[Date "2018.04.08"]
[Round "1"]
[White "Ushenina, Anna"]
[Black "Semenova, Elena"]
[Result "1/2-1/2"]
[WhiteElo "2422"]
[BlackElo "2221"]
[Annotator "TA"]
[PlyCount "140"]
[EventDate "2018.??.??"]
[EventType "swiss"]
[EventCountry "SVK"]
[SourceTitle "playchess.com"]
[Source "ChessBase"]
[SourceQuality "1"]

{[%evp 9,140,24,108,41,56,53,74,72,66,74,85,70,75,82,88,67,62,72,81,0,0,-6,0,-14,60,65,60,17,23,33,66,13,17,0,0,0,0,0,-5,-11,0,-13,-17,-37,-17,-23,-31,-22,-29,-17,0,0,0,0,0,-56,0,0,0,0,0,0,0,-7,0,-56,-62,-81,-58,-50,-18,-20,0,-19,-80,-105,8,0,0,0,0,0,0,0,0,0,0,0,0,0,0,0,0,0,0,0,0,0,0,0,0,0,0,0,0,0,0,0,0,0,0,0,0,0,0,0,0,0,0,0,0,0,0,0,0,0,0,0,0,0,0,0,0]} 1. d4 Nf6 2. c4 e6 3. Nc3 Bb4 4. Qc2 c6 (4... d5 5. cxd5 Qxd5 6. e3 c5 7. Bd2 Bxc3 8. Bxc3 cxd4 9. Bxd4 Nc6 10. Bc3 O-O 11. Nf3 Rd8 12. Be2 Qe4 13. Rc1 Qxc2 14. Rxc2 Nd5 15. Ne5 Bd7 16. Nxc6 Bxc6 17. Bd2 Ne7 18. f3 {½-½ (38) Mamedyarov,S (2804)-Carlsen,M (2834) Wijk aan Zee 2018}) 5. a3 Ba5 (5... Bxc3+ $1 $11 {remains equal.} 6. bxc3 d5) 6. Bg5 $146 {E32: Nimzo-Indian: Classical (4 Qc2): 4...0-0} (6. e4 $16) ({Predecessor:} 6. b4 Bc7 7. Bg5 d5 8. cxd5 cxd5 9. e3 a6 10. Nf3 Nbd7 11. Bd3 b6 12. Rc1 {1-0 (22) Martinez,J (1836)-Guerra Verano,D (1568) Bucaramanga 2013}) 6... h6 $14 7. Bh4 d5 8. e3 {White is better.} g5 9. Bg3 Ne4 10. Bd3 Nxg3 11. hxg3 Nd7 12. cxd5 exd5 13. Nf3 Kf8 14. Bf5 (14. b4 $16 Bc7 15. b5) 14... Kg7 $11 15. b4 Bc7 16. b5 cxb5 (16... Nf6 $11 17. bxc6 bxc6 18. Bxc8 Rxc8) 17. Nxd5 $14 Ba5+ 18. Nb4 Nb6 19. O-O Nc4 20. Bxc8 (20. Bd3 $14) 20... Rxc8 $11 21. Qf5 Bxb4 22. axb4 a6 23. d5 Nd6 24. Qd3 Qe7 25. Nd2 Qe5 26. Rac1 Qb2 27. Rb1 $1 {[%cal Rb1b2]} Qc3 28. Qe2 Qe5 29. e4 Rhe8 30. Rfe1 Rc2 {aiming for ...Qd4.} 31. Qd1 Qc3 32. Re2 (32. Nf3 $11) 32... Nc4 ({Better is} 32... Ra2 $15) 33. Nxc4 Rxe2 34. Qxe2 bxc4 {[%mdl 4096] Endgame KQR-KQR} 35. f3 b5 36. Kh2 Qe5 $36 {[%mdl 2048] Black has the initiative.} 37. Qa2 (37. Qf2 $11) 37... h5 $15 {Threatens to win with ...h4.} 38. Qa1 Qxa1 39. Rxa1 $17 {KR-KR} Kf6 40. Rxa6+ Ke5 41. Rc6 Kd4 42. d6 {[%cal Bd5d6,Bd6d7][%mdl 32]} c3 (42... Kc3 $17 43. g4 h4) 43. d7 {The position is equal.} Rd8 44. Rc7 f6 45. Kh3 Kd3 46. f4 {[#] Strongly threatening e5.} Kxe4 47. Rxc3 {Hoping for fxg5.} Rxd7 48. Rc6 Rd1 {[%cal Rd1h1]} 49. Kh2 gxf4 50. Rxf6 fxg3+ 51. Kxg3 Rd3+ 52. Kh4 Ke5 53. Rb6 Rd4+ 54. Kxh5 Rxb4 55. g4 {[%cal Bg2g4,Bg4g5][%mdl 32]} Rb1 56. g5 b4 57. g6 Kd4 58. g7 Rh1+ 59. Kg6 (59. Kg5 {is interesting.} Rg1+ 60. Kh6 Rh1+ 61. Kg6 Kc5 62. Kf6) 59... Rg1+ 60. Kf7 Rxg7+ $1 61. Kxg7 $11 {KR-KP} Kc3 62. Rc6+ Kd3 63. Rb6 Kc3 64. Kf6 b3 65. Ke5 b2 66. Ke4 Kc2 67. Rc6+ Kd2 68. Rb6 Kc2 69. Ke3 b1=Q 70. Rxb1 Kxb1 {Precision: White = 54%, Black = 63%.} 1/2-1/2

[Event "EIWCC 2018"]
[Site "Vysoke Tatry"]
[Date "2018.04.08"]
[Round "1"]
[White "Zimina, Olga"]
[Black "Ozbay, Ece"]
[Result "1-0"]
[WhiteElo "2414"]
[BlackElo "2216"]
[Annotator "TA"]
[PlyCount "69"]
[EventDate "2018.??.??"]
[EventType "swiss"]
[EventCountry "SVK"]
[SourceTitle "playchess.com"]
[Source "ChessBase"]
[SourceQuality "1"]

{[%evp 19,69,23,41,54,109,96,93,97,139,135,135,135,150,135,168,168,195,203,218,222,432,412,477,500,502,502,502,500,470,493,485,482,581,601,584,594,684,682,683,666,666,654,752,752,748,743,972,950,1112,1060,29980,29981]} 1. Nf3 d5 2. c4 c6 3. g3 Nf6 4. Bg2 Bf5 5. cxd5 cxd5 6. Qb3 Qb6 7. Qxb6 axb6 8. Nc3 Nc6 9. d3 e5 {A11: English Opening: 1...c6} (9... e6 10. Bd2 Be7 11. Nh4 Bg4 12. h3 Bh5 13. g4 Bg6 14. f4 Nd7 15. Nf3 Ra5 16. Nd1 Ra6 17. Nc3 Ra5 {1-0 (83) Radjabov,T (2793)-Kamsky,G (2762) Beijing 2012}) 10. O-O Bc5 {LiveBook: 3 Games} 11. Bg5 d4 ({Black should try} 11... Be6 $14) 12. Bxf6 $146 ({Find the theoretical novelty and annotate with similar games:} 12. Nb5 Kd7 13. Bd2 Be6 14. b4 Be7 15. Ng5 Rxa2 16. Rxa2 Bxa2 17. Ra1 {½-½ (36) Ricardi,P (2520)-Cordova,E (2434) Mendoza 2005}) 12... gxf6 13. Nd5 Ra5 14. a3 Be7 15. Nxb6 Be6 16. Nd2 {[%cal Bf3d2,Bd2e4,Be4c5][%mdl 32]} Ra6 17. Nd5 Bd8 18. b4 b5 19. Rfc1 Kd7 $2 (19... Bxd5 {was called for.} 20. Bxd5 Ne7) 20. Ne4 $18 Bxd5 21. Nc5+ Kd6 {[#] And now ...Rb6 would win.} 22. Nxa6 Bxg2 23. Kxg2 Bb6 24. a4 bxa4 25. b5 {[%cal Bb4b5,Bb5c6][%mdl 32]} Ne7 26. Rxa4 Rd8 27. Nb4 Kd7 28. Ra6 Rb8 29. Nc6 Nxc6 30. bxc6+ {KRR-KRB} Kc7 31. g4 h6 32. Kf3 Rg8 33. h3 Re8 34. Ke4 Re6 {[#]} 35. Rxb6 $1 {Precision: White = 97%, Black = 25%.} 1-0

[Event "EIWCC 2018"]
[Site "Vysoke Tatry"]
[Date "2018.04.08"]
[Round "1"]
[White "Melia, Salome"]
[Black "Antolak, Julia"]
[Result "1-0"]
[WhiteElo "2411"]
[BlackElo "2212"]
[Annotator "TA"]
[PlyCount "87"]
[EventDate "2018.??.??"]
[EventType "swiss"]
[EventCountry "SVK"]
[SourceTitle "playchess.com"]
[Source "ChessBase"]
[SourceQuality "1"]

{[%evp 17,87,-16,-12,-40,-32,-44,-12,-34,-11,-14,0,12,19,24,46,48,53,41,100,92,73,18,12,18,112,117,98,19,38,48,108,101,105,0,114,79,351,368,470,410,481,476,451,107,107,0,437,455,456,446,445,0,0,-10,35,29,199,181,414,434,479,476,476,467,460,35,456,455,439,425,500,440]} 1. e4 c5 2. Nf3 d6 3. Bb5+ Nd7 4. c3 Ngf6 5. Qe2 a6 6. Ba4 b5 7. Bc2 Bb7 {B51: Sicilian: Moscow Variation (3 Bb5+) without 3...Bd7} 8. d3 (8. O-O e6 9. d4 Be7 10. Nbd2 O-O 11. Re1 Qc7 12. Nf1 Rac8 13. Bb1 cxd4 14. cxd4 e5 15. d5 b4 16. Be3 Nc5 {0-1 (49) Anton Guijarro,D (2666)-Salem,A (2638) Riadh 2017}) 8... g6 9. O-O Bg7 {LiveBook: 5 Games. The position is equal.} 10. Nbd2 O-O 11. Re1 Rc8 $146 ({Find the theoretical novelty and annotate with similar games:} 11... Qc7 12. Nf1 Nb6 13. Ng3 Rfe8 14. h3 {0-1 (51) Bakalar,J (2042)-Druska,J (2385) Zilina 2013}) 12. Nf1 Nb6 13. Ng3 Nfd7 14. h4 {[%cal Bh2h4,Bh4h5][%mdl 32]} b4 15. Bd2 c4 16. d4 e5 17. h5 bxc3 (17... d5 $14) 18. bxc3 $16 d5 19. Rab1 (19. Nxe5 $16 Nxe5 20. dxe5) 19... exd4 $11 20. Nxd4 {And now Ndf5 would win.} Re8 (20... dxe4 $1 $11 {keeps the balance.} 21. Nxe4 (21. Bxe4 Re8 $11) 21... Bxd4 22. cxd4 Re8 23. hxg6 hxg6) 21. hxg6 hxg6 22. Qg4 (22. Ndf5 $16) 22... Ne5 23. Qh3 {exd5 is the strong threat.} Nd3 (23... Bc6 $14) 24. Bxd3 $16 cxd3 25. Bh6 ({White should play} 25. e5 $16 {Threatens to win with e6.} Qc7 26. e6) 25... Bh8 ({Of course not} 25... dxe4 $6 26. Bxg7 Kxg7 27. Ngf5+ $1 {[%mdl 512]} gxf5 28. Nxf5+ Kf6 29. Rxb6+ $1 {[%mdl 512]} Bc6 30. g4 $16) (25... Bf6 $1 $11 {remains equal.} 26. e5 Rxe5 27. Rxe5 Bxe5) 26. Be3 Rb8 $2 {[%mdl 8192]} ({Reject} 26... Rxc3 27. Nf3 $11) (26... Ba8 $16 {keeps fighting.}) 27. Ndf5 $18 {Black must now prevent Nh6+.} Bc8 28. Nh6+ Kf8 29. Bc5+ Kg7 30. Bd4+ $2 (30. Qh2 $18 {and White stays clearly on top.}) 30... Kf8 $16 {[#]} 31. Bc5+ $2 {[%mdl 8192]} (31. Nhf5 $1 $16 {[%cal Rh3h8]} Bxd4 32. Qh6+ (32. cxd4 Kg8 $14) 32... Kg8 33. Nxd4) 31... Kg7 $18 32. Qh2 d2 33. Red1 dxe4 34. Nh5+ $2 ({White should try} 34. Bd4+ $18 f6 35. Rxd2) 34... gxh5 $11 35. Qxb8 Nc4 36. Qf4 Qd5 $2 (36... Be6 $11 {and Black has nothing to worry.}) 37. Bd4+ $18 Kh7 $2 (37... f6) 38. Bxh8 Kxh8 39. Qf6+ Kh7 {aiming for ...Be6.} 40. Nxf7 Qf5 41. Qh6+ Kg8 42. Nd6 {White is clearly winning.} Nxd6 43. Qxd6 Be6 44. Qxd2 {Precision: White = 43%, Black = 23%.} 1-0

[Event "EIWCC 2018"]
[Site "Vysoke Tatry"]
[Date "2018.04.08"]
[Round "1"]
[White "Gaponenko, Inna"]
[Black "Zherebtsova, Alexandra"]
[Result "1/2-1/2"]
[WhiteElo "2406"]
[BlackElo "2202"]
[Annotator "RC"]
[PlyCount "137"]
[EventDate "2018.??.??"]
[EventType "swiss"]
[EventCountry "SVK"]
[SourceTitle "playchess.com"]
[Source "ChessBase"]
[SourceQuality "1"]
[TimeControl "40/5400+30:1800+30"]

1. e4 {[%emt 0:00:00]} e5 {[%emt 0:00:02]} 2. Nf3 {[%emt 0:00:00]} Nc6 {[%emt 0:00:03]} 3. Bb5 {[%emt 0:00:00]} a6 {[%emt 0:00:02]} 4. Bxc6 {[%emt 0:00:00]} dxc6 {[%emt 0:00:04]} 5. Nc3 {[%emt 0:00:03]} Qd6 {[%emt 0:01:47]} 6. d4 {[%emt 0:02:04]} exd4 {[%emt 0:00:05]} 7. Qxd4 {[%emt 0:00:06]} Bg4 {[%emt 0:02:15]} 8. Be3 {[%emt 0:01:40]} Bxf3 {[%emt 0:03:06]} 9. gxf3 {[%emt 0:00:49]} Qxd4 {[%emt 0:01:27]} 10. Bxd4 {[%emt 0:00:06]} O-O-O {[%emt 0:06:52]} 11. O-O-O {[%emt 0:04:06]} Ne7 {[%emt 0:14:19]} 12. f4 {[%emt 0:09:46]} f5 {[%emt 0:03:57]} 13. f3 {[%emt 0:02:27]} Ng6 {[%emt 0:21:46]} 14. exf5 {[%emt 0:04:38]} Nxf4 {[%emt 0:00:22]} 15. Be5 {[%emt 0:38:48]} Nh5 {[%emt 0:08:20]} 16. Rxd8+ {[%emt 0:00:10]} Kxd8 {[%emt 0:00:03]} 17. Rd1+ {[%emt 0:00:09]} Kc8 {[%emt 0:01:51]} 18. Ne4 {[%emt 0:01:00]} Be7 {[%emt 0:04:35]} 19. Bxg7 {[%emt 0:01:21]} Nxg7 {[%emt 0:01:27]} 20. f6 {[%emt 0:00:04]} Bf8 {[%emt 0:01:39]} 21. fxg7 {[%emt 0:01:37]} Bxg7 {[%emt 0:00:02]} 22. c3 {[%emt 0:09:38]} Be5 {[%emt 0:05:06]} 23. h3 {[%emt 0:00:11]} Rg8 {[%emt 0:05:17]} 24. Kc2 {[%emt 0:00:49]} b6 {[%emt 0:03:58]} 25. Kd3 {[%emt 0:13:41]} Rg2 {[%emt 0:09:15]} 26. Rd2 {[%emt 0:00:23]} Rg1 {[%emt 0:00:06]} 27. Re2 {[%emt 0:05:52]} Bf4 {[%emt 0:02:31]} 28. Nf6 {[%emt 0:02:43]} Rh1 {[%emt 0:01:44]} 29. Ke4 {[%emt 0:01:12]} Bd6 {[%emt 0:00:51]} 30. Nxh7 {[%emt 0:00:04]} Rxh3 {[%emt 0:00:03]} 31. Nf6 {[%emt 0:00:44]} Be7 {[%emt 0:02:09]} 32. Ng4 {[%emt 0:00:08]} Rg3 {[%emt 0:00:37]} 33. Ne3 {[%emt 0:01:28]} Rg8 {[%emt 0:00:36]} 34. f4 {[%emt 0:00:17]} Kd7 {[%emt 0:00:37]} 35. Kf3 {[%emt 0:00:35]} Bd6 {[%emt 0:00:15]} 36. Nc4 {[%emt 0:00:26]} Rf8 {[%emt 0:00:35]} 37. Ne5+ {[%emt 0:00:25]} Bxe5 {[%emt 0:00:17]} 38. Rxe5 {[%emt 0:00:03]} Kd6 {[%emt 0:00:18]} 39. Kg4 {[%emt 0:00:39]} Rg8+ {[%emt 0:00:09]} 40. Rg5 {[%emt 0:00:00]} Re8 {[%emt 0:00:22]} 41. Rg6+ {[%emt 0:01:02]} Kd5 {[%emt 0:03:04]} 42. Rg5+ {[%emt 0:21:15]} Kd6 {[%emt 0:08:39]} 43. Kf3 {[%emt 0:00:05]} Re1 {[%emt 0:11:15]} 44. Rg2 {[%emt 0:00:18]} Rf1+ {[%emt 0:02:07]} 45. Rf2 {[%emt 0:00:22]} Ra1 {[%emt 0:00:34]} 46. Re2 {[%emt 0:01:04]} Rxa2 {[%emt 0:02:51]} 47. f5 {[%emt 0:00:04]} Ra1 {[%emt 0:01:49]} 48. Kg4 {[%emt 0:00:25]} Rf1 {[%emt 0:04:36]} 49. Kg5 {[%emt 0:00:04]} Kc5 {[%emt 0:00:22]} 50. f6 {[%emt 0:02:45]} Kc4 {[%emt 0:00:06]} 51. Re4+ {[%emt 0:03:32]} Kb3 {[%emt 0:00:59]} 52. Rf4 {[%emt 0:00:04]} Rg1+ {[%emt 0:00:08]} 53. Kf5 {[%emt 0:00:04]} Rg8 {[%emt 0:00:10]} 54. Rf2 {[%emt 0:00:04]} a5 {[%emt 0:00:13]} 55. Ke6 {[%emt 0:03:45]} a4 {[%emt 0:00:50]} 56. f7 {[%emt 0:01:24]} Rh8 {[%emt 0:00:32]} 57. Kd7 {[%emt 0:00:07]} c5 {[%emt 0:00:44]} 58. Kxc7 {[%emt 0:00:25]} b5 {[%emt 0:00:12]} 59. Kb6 {[%emt 0:01:38]} b4 {[%emt 0:00:05]} 60. Kxc5 {[%emt 0:00:15]} bxc3 {[%emt 0:00:47]} 61. bxc3 {[%emt 0:00:13]} Rf8 {[%emt 0:01:17]} 62. c4 {[%emt 0:02:38]} a3 {[%emt 0:00:16]} 63. Rf3+ {[%emt 0:00:10]} Kb2 {[%emt 0:00:12]} 64. Rf2+ {[%emt 0:00:28]} Kb3 {[%emt 0:00:11]} 65. Rf3+ {[%emt 0:00:04]} Kb2 {[%emt 0:00:04]} 66. Kd6 {[%emt 0:01:57]} a2 {[%emt 0:00:53]} 67. Rf2+ {[%emt 0:00:05]} Kb3 {[%emt 0:00:23]} 68. Rxa2 {[%emt 0:00:09]} Rxf7 {[%emt 0:00:22]} 69. Rh2 {[%emt 0:00:13]} 1/2-1/2

[Event "EIWCC 2018"]
[Site "Vysoke Tatry"]
[Date "2018.04.08"]
[Round "1"]
[White "Mkrtchian, Lilit"]
[Black "Ptacnikova, Lenka"]
[Result "1/2-1/2"]
[WhiteElo "2403"]
[BlackElo "2198"]
[Annotator "NA RC"]
[PlyCount "76"]
[EventDate "2018.??.??"]
[EventType "swiss"]
[EventCountry "SVK"]
[SourceTitle "playchess.com"]
[Source "ChessBase"]
[SourceQuality "1"]
[TimeControl "40/5400+30:1800+30"]

1. Nf3 {[%emt 0:00:00]} d5 {[%emt 0:01:06]} 2. e3 {[%emt 0:01:23]} Nf6 {[%emt 0:01:26]} 3. c4 {[%emt 0:01:19]} e6 {[%emt 0:00:36]} 4. b3 {[%emt 0:01:11]} Be7 {[%emt 0:00:20]} 5. Bb2 {[%emt 0:00:15]} O-O {[%emt 0:00:20]} 6. Nc3 {[%emt 0:00:16]} b6 {[%emt 0:06:03]} 7. d4 {[%emt 0:07:33]} Bb7 {[%emt 0:03:49]} 8. Bd3 {[%emt 0:00:08]} dxc4 {[%emt 0:02:09]} 9. bxc4 {[%emt 0:00:06]} c5 {[%emt 0:05:46]} 10. O-O {[%emt 0:01:20]} cxd4 {[%emt 0:01:52]} 11. exd4 {[%emt 0:00:19]} Nc6 {[%emt 0:00:40]} 12. Qe2 {[%emt 0:03:20]} Nb4 {[%emt 0:09:56] E14: Queen's Indian: Classical Variation (4 e3)} 13. Rfd1 {[%emt 0:38:06]} (13. Bb1 Bxf3 14. gxf3 Re8 15. Rd1 Qc7 16. a3 Nc6 17. d5 exd5 18. Nxd5 Qc8 19. Qd3 Qh3 20. Bc2 Nxd5 21. cxd5 {½-½ (38) Frey Beckman,K (2384)-Herrera Ortiz,M (2309) Mexico City 2017}) 13... Nxd3 {[%emt 0:00:46]} 14. Rxd3 {[%emt 0:00:28]} Ba6 $146 {[%emt 0:07:17]} ({Predecessor:} 14... Rc8 15. Ne5 Nd7 16. Nxd7 Qxd7 17. d5 Bf6 18. Rg3 Kh8 19. Rd1 exd5 20. Nxd5 Bxb2 21. Qxb2 {½-½ (44) Schmidt,G (2165)-Nitsche,D (2210) Bayern 1997}) 15. Nb5 {[%emt 0:06:01]} Bxb5 {[%emt 0:08:17]} 16. cxb5 {[%emt 0:00:12]} a6 {[%emt 0:00:33]} 17. Rb3 {[%emt 0:02:49]} axb5 {[%emt 0:06:59]} 18. Qxb5 {[%emt 0:00:24]} Nd5 {[%emt 0:00:30]} 19. Ne5 {[%emt 0:00:57]} Ra5 {[%emt 0:08:29]} 20. Qc6 {[%emt 0:09:43]} Qa8 {[%emt 0:07:53]} 21. a3 {[%emt 0:02:30]} Rc8 {[%emt 0:02:10]} 22. Qxa8 $17 {[%emt 0:00:31]} Raxa8 {[%emt 0:00:07]} 23. Kf1 {[%emt 0:05:32]} h5 {[%emt 0:04:13]} 24. Rc1 {[%emt 0:04:22]} Rxc1+ {[%emt 0:00:43]} 25. Bxc1 {[%emt 0:00:04]} Rc8 {[%emt 0:01:05]} 26. Bb2 {[%emt 0:00:52]} Rc2 {[%emt 0:01:40]} 27. g3 {[%emt 0:02:48]} g5 {[%emt 0:04:53]} 28. h3 {[%emt 0:02:07]} Kg7 {[%emt 0:00:54]} 29. Ke1 {[%emt 0:00:55]} Bd6 {[%emt 0:02:22]} 30. Nf3 {[%emt 0:00:57]} f6 {[%emt 0:00:59]} 31. Nd2 {[%emt 0:00:17]} Kg6 {[%emt 0:01:07]} 32. Kd1 {[%emt 0:00:15]} Rc8 {[%emt 0:00:21]} 33. Ne4 {[%emt 0:03:06]} Bc7 {[%emt 0:04:04]} 34. Nc3 {[%emt 0:03:16]} Ne7 {[%emt 0:02:37]} 35. Nb5 {[%emt 0:00:44]} Bb8 {[%emt 0:00:10]} 36. Nc3 {[%emt 0:01:52]} Bc7 {[%emt 0:00:18]} 37. Nb5 {[%emt 0:00:08]} Bb8 {[%emt 0:00:08]} 38. Nc3 {[%emt 0:01:17]} Bc7 {[%emt 0:01:19]} 1/2-1/2

[Event "EIWCC 2018"]
[Site "Vysoke Tatry"]
[Date "2018.04.08"]
[Round "1"]
[White "Arabidze, Meri"]
[Black "Ghukasyan, Siranush"]
[Result "1/2-1/2"]
[WhiteElo "2393"]
[BlackElo "2195"]
[Annotator "NA RC"]
[PlyCount "97"]
[EventDate "2018.??.??"]
[EventType "swiss"]
[EventCountry "SVK"]
[SourceTitle "playchess.com"]
[Source "ChessBase"]
[SourceQuality "1"]
[TimeControl "40/5400+30:1800+30"]

1. d4 {[%emt 0:00:00]} d5 {[%emt 0:00:08]} 2. c4 {[%emt 0:00:00]} e6 {[%emt 0:00:03]} 3. Nc3 {[%emt 0:00:00]} Be7 {[%emt 0:01:42]} 4. cxd5 {[%emt 0:00:00]} exd5 {[%emt 0:00:05]} 5. Bf4 {[%emt 0:00:00]} c6 {[%emt 0:00:15]} 6. e3 {[%emt 0:00:04]} Bf5 {[%emt 0:00:12]} 7. g4 {[%emt 0:00:17]} Be6 {[%emt 0:00:11]} 8. h4 {[%emt 0:00:20]} Bxh4 {[%emt 0:26:10]} 9. Qb3 {[%emt 0:00:18]} g5 {[%emt 0:02:09]} 10. Be5 {[%emt 0:14:58]} f6 {[%emt 0:00:18]} 11. Bxb8 {[%emt 0:04:16]} Rxb8 {[%emt 0:01:42]} 12. Nf3 {[%emt 0:01:08]} Bxg4 {[%emt 0:03:17]} 13. Nxh4 {[%emt 0:00:40]} gxh4 {[%emt 0:00:04]} 14. Be2 {[%emt 0:05:14]} f5 {[%emt 0:02:53]} 15. O-O-O {[%emt 0:01:11]} Qe7 {[%emt 0:08:20]} 16. Qa4 {[%emt 0:12:06]} Bxe2 {[%emt 0:25:35]} 17. Qxa7 $11 {[%emt 0:06:57]} Rc8 {[%emt 0:03:22]} 18. Nxe2 {[%emt 0:00:07]} Nh6 {[%emt 0:00:22]} 19. Nf4 {[%emt 0:04:13]} Ng4 {[%emt 0:03:26]} 20. Nd3 {[%emt 0:00:03]} O-O {[%emt 0:02:06]} 21. Qc5 {[%emt 0:02:12]} Qf6 {[%emt 0:01:45]} 22. Rh3 {[%emt 0:05:15]} Rf7 {[%emt 0:12:55]} 23. Rdh1 {[%emt 0:04:11]} Qe6 {[%emt 0:01:45]} 24. Qc2 {[%emt 0:03:04]} c5 {[%emt 0:02:07]} 25. dxc5 {[%emt 0:00:24]} b6 {[%emt 0:00:13]} 26. Rxh4 {[%emt 0:04:15]} bxc5 27. Nf4 {[%emt 0:03:12]} Qe4 {[%emt 0:01:22]} 28. Qd1 {[%emt 0:06:37]} Ra8 {[%emt 0:00:20]} 29. Qxd5 {[%emt 0:02:12]} Qxd5 {[%emt 0:00:06]} 30. Nxd5 {[%emt 0:00:06]} Rxa2 {[%emt 0:01:51]} 31. Kb1 {[%emt 0:02:01]} Raa7 {[%emt 0:00:04]} 32. e4 {[%emt 0:08:21]} Nxf2 {[%emt 0:00:41]} 33. Rg1+ {[%emt 0:00:10]} Kf8 {[%emt 0:00:46]} 34. e5 {[%emt 0:00:38]} Ne4 {[%emt 0:00:42]} 35. Rf4 {[%emt 0:03:55]} Ra6 {[%emt 0:00:10]} 36. Ne3 {[%emt 0:02:02]} Re6 {[%emt 0:00:16]} 37. Nc4 {[%emt 0:00:35]} Rg6 {[%emt 0:00:27]} 38. Rd1 {[%emt 0:04:02]} Ke7 {[%emt 0:01:01]} 39. Rf3 {[%emt 0:01:36]} Rg3 {[%emt 0:00:16]} 40. Rff1 {[%emt 0:00:00]} h5 {[%emt 0:00:48]} 41. Nd6 {[%emt 0:08:46]} Nxd6 {[%emt 0:00:27]} 42. exd6+ {[%emt 0:00:11]} Kd7 {[%emt 0:00:06]} 43. Rd5 {[%emt 0:00:36]} f4 {[%emt 0:04:56]} 44. Rxc5 {[%emt 0:04:11]} Kxd6 {[%emt 0:03:14]} 45. Rxh5 {[%emt 0:00:08]} f3 {[%emt 0:00:28]} 46. Kc2 {[%emt 0:07:18]} Rg2+ {[%emt 0:03:08]} 47. Kc3 {[%emt 0:00:48]} f2 {[%emt 0:01:02]} 48. Kd2 {[%emt 0:03:08]} Rb7 {[%emt 0:02:51]} 49. Kc2 {[%emt 0:00:21]} 1/2-1/2